Catálogo
 En Linea

La poesía de Blas de Otero / (Registro nro. 16887)

Detalles MARC
000 -CABECERA
campo de control de longitud fija 00844cam a2200253 a 4500
001 - NÚMERO DE CONTROL
campo de control 000017362
005 - FECHA Y HORA DE LA ÚLTIMA TRANSACCIÓN
campo de control 20200929165106.0
008 - DATOS DE LONGITUD FIJA--INFORMACIÓN GENERAL
campo de control de longitud fija 720410s1966 sp 000 pbspa d
035 ## - NÚMERO DE CONTROL DEL SISTEMA
Número de control de sistema (DLC) 68052773
035 ## - NÚMERO DE CONTROL DEL SISTEMA
Número de control de sistema (OCoLC)279773
040 ## - FUENTE DE LA CATALOGACIÓN
Centro catalogador/agencia de origen DO-SdBNP
Lengua de catalogación spa
Centro/agencia transcriptor OAU
Centro/agencia modificador OCoLC
-- DLC
-- BNPHU
082 ## - NÚMERO DE LA CLASIFICACIÓN DECIMAL DEWEY
Número de clasificación 861.6
Número de documento/Ítem O87A
049 ## - FONDOS LOCALES (OCLC)
Fondos de biblioteca BNGR
100 1# - ENTRADA PRINCIPAL--NOMBRE DE PERSONA
Nombre de persona Alarcos Llorach, Emilio,
Numeración 1922-1998.
9 (RLIN) 38018
245 13 - MENCIÓN DE TÍTULO
Título La poesía de Blas de Otero /
Mención de responsabilidad, etc. E. Alarcos Llorach.
260 ## - PUBLICACIÓN, DISTRIBUCIÓN, ETC.
Lugar de publicación, distribución, etc. Salamanca :
Nombre del editor, distribuidor, etc. Anaya,
Fecha de publicación, distribución, etc. 1966.
300 ## - DESCRIPCIÓN FÍSICA
Extensión 154 p. ;
Dimensiones 19 cm.
490 1# - MENCIÓN DE SERIE
Mención de serie Temas y estudios
600 10 - PUNTO DE ACCESO ADICIONAL DE MATERIA--NOMBRE DE PERSONA
Nombre de persona OTERO, BLAS DE,
Fechas asociadas al nombre 1916-1979
Subdivisión general CRÍTICA E INTERPRETACIÓN
9 (RLIN) 38019
650 #4 - PUNTO DE ACCESO ADICIONAL DE MATERIA--TÉRMINO DE MATERIA
Término de materia o nombre geográfico como elemento de entrada Poesía españolas
Subdivisión general Historia y crítica
9 (RLIN) 38020
650 #4 - PUNTO DE ACCESO ADICIONAL DE MATERIA--TÉRMINO DE MATERIA
Término de materia o nombre geográfico como elemento de entrada Literatura española
Subdivisión general Historia y crítica
9 (RLIN) 3904
830 #0 - PUNTO DE ACCESO ADICIONAL DE SERIE-TÍTULO UNIFORME
Título uniforme Temas y estudios.
9 (RLIN) 25273
910 ## - DATOS DE OPCIÓN DEL USUARIO (OCLC)
Datos de opción del usuario Catalogación derivada
Existencias
Estado de retiro Estado de pérdida Restricciones de uso No para préstamo Código de colección Localización permanente Ubicación/localización actual Ubicación en estantería Fecha de adquisición Número de inventario Total de préstamos Signatura topográfica completa Código de barras Fecha visto por última vez Precio válido a partir de Tipo de ítem Koha
        Monografías: Libros y Folletos General General En catalogación 23.03.2010 LF1   861.6 O87A 17362-10 25.06.2020 25.06.2020 Préstamo en sala

Con tecnología Koha